Meilleurs buteurs de Liga par saison depuis 2000/2001 - Statistiques

Statistiques générales
  • Ce quiz a été pris 4 277 fois
    332 depuis la dernière actualisation
  • Le résultat moyen est 18 sur 25
Statistiques - réponses
Saison Buts Joueur % Correct
2014-2015 48 Cristiano Ronaldo
99%
2013-2014 31 Cristiano Ronaldo
99%
2010-2011 40 Cristiano Ronaldo
99%
2020-2021 30 Lionel Messi
99%
2019-2020 25 Lionel Messi
99%
2018-2019 36 Lionel Messi
99%
2017-2018 34 Lionel Messi
99%
2016-2017 37 Lionel Messi
99%
2012-2013 46 Lionel Messi
99%
2011-2012 50 Lionel Messi
99%
2009-2010 34 Lionel Messi
99%
2003-2004 24 Ronaldo
99%
2021-2022 27 Karim Benzema
92%
2015-2016 40 Luis Suarez
89%
2024-2025 31 Kylian Mbappe
88%
2022-2023 23 Robert Lewandowski
81%
2000-2001 24 Raul
65%
2005-2006 26 Samuel Eto'o
63%
2006-2007 25 Ruud Van Nistelrooy
29%
2008-2009 32 Diego Forlan
27%
2004-2005 25 Diego Forlan
27%
2002-2003 29 Rudolphus Makaay
9%
2023-2024 24 Artem Dovbyk
5%
2007-2008 27 Daniel Guiza
4%
2001-2002 20 Diego Tristan
2%
Aucun quiz correspondant
Distribution des résultats
% des personnes avec chaque résultat
Percentile par nombre de réponses
Votre historique - résultats
Vous n’avez pas pris ce quiz depuis la dernière actualisation